000
00308pab a2200133 454500
008
180718b1986 xxu||||| |||| 00| 0 eng d
245
_a
Muslim intelligentisia's protest
260
_c
1986
300
_a
33-4
362
_a
3 May
650
_a
Mohammedan Law - India
773
_a
Mainstream
909
_a
13598
999
_c
13598
_d
13598